Le vin - Choix multiples - Statistiques

Statistiques générales
  • Ce quiz a été pris 10 fois
  • Le résultat moyen est 12 sur 16
Statistiques - réponses
Question Réponse % Correct
Quelle divinité grecque est celle du vin ? Dionysos
100%
À partir de quel végétal est généralement conçu le vin blanc ? Raisin
100%
Le vin est la seule boisson alcoolisée permettant d'élaborer un vinaigre. Faux
90%
Lequel de ces processus entre en jeu dans la conception du vin ? Fermentation
90%
Lequel de ces mots ne désigne pas un verre dans lequel il est possible de boire du vin ? Lune
90%
Comment se nomme le métier qu'exerce une personne s'occupant des vins dans un restaurant ? Sommelier
90%
Lequel de ces cépages n'est pas emblématique de l'Alsace? Chardonnay
80%
De quelle couleur est le vin composant la sangria? Rouge
80%
Un vin peut être de quel degré d'alcool ?
70%
Lequel de ces vins n'est pas effervescent ? Porto
70%
Comment se nommait l'officier chargé de servir du vin au roi ? Échanson
60%
À quelle couleur est associé le vin du Jura ? Jaune
60%
Laquelle de ces propositions ne désigne pas un vin de Bordeaux ? Romanée-conti
60%
Lequel de ces vins n'est pas un vin blanc ? Chianti
50%
Qui est le saint patron des vignerons ? Saint Vincent
50%
Quel pays produit le plus de vin par an ? Italie
40%
Aucun quiz correspondant
Distribution des résultats
% des personnes avec chaque résultat
Percentile par nombre de réponses
Votre historique - résultats
Vous n’avez pas pris ce quiz